000 00314nam a22001337a 4500
003 SGT
020 _a978-81-8457-675-7
082 _a070.4
_bCHA
100 _aCHANDRA PANT, NAVEEN
245 _aELENMENTS OF INTERNET E- MAIL & JOURNALISM
260 _aDELHI
_bKANISHKA
_c2015
300 _a280
942 _2ddc
_cBK
999 _c22090
_d22090